Il gattopardo / (Record no. 189349)

MARC details
000 -LEADER
campo de control de longitud fija 00669nam a2200205 i 4500
001 - NÚMERO DE CONTROL
campo de control 189349
003 - IDENTIFICADOR DE NÚMERO DE CONTROL
campo de control SpMaBN
005 - FECHA Y HORA DE LA ÚLTIMA TRANSACCIÓN
campo de control 20230906223443.0
008 - DATOS DE LONGITUD FIJA--INFORMACIÓN GENERAL
campo de control de longitud fija 190524s1973 it |||| | ita d
080 ## - NÚMERO DE LA CLASIFICACIÓN DECIMAL UNIVERSAL
Número de la Clasificación Decimal Universal 821.131.1-31"19"
100 1# - ENTRADA PRINCIPAL--NOMBRE DE PERSONA
Nombre de persona Tomasi Di Lampedusa, Giuseppe.
9 (RLIN) 110537
245 13 - MENCIÓN DEL TÍTULO
Título Il gattopardo /
Mención de responsabilidad, etc. Giuseppe Tomasi di Lampedusa ; edizione conforme al manoscritto del 1957.
250 ## - MENCION DE EDICION
Mención de edición 20ª ed. nell' Universale economica.
260 ## - PUBLICACIÓN, DISTRIBUCIÓN, ETC.
Lugar de publicación, distribución, etc. Milano :
Nombre del editor, distribuidor, etc. Feltrinelli,
Fecha de publicación, distribución, etc. 1973.
300 ## - DESCRIPCIÓN FÍSICA
Extensión 188 p. ;
Dimensiones 18 cm.
490 1# - MENCIÓN DE SERIE
Mención de serie Universale economica ;
Designación de volumen o secuencia 416
830 0# - PUNTO DE ACCESO ADICIONAL DE SERIE-TÍTULO UNIFORME
Título uniforme Universale economica ;
Designación de volumen o secuencia 416
9 (RLIN) 225814
852 ## - LOCALIZACIÓN
Ubicación ES-MaACL
Número de control de estantería L-32348
Holdings
Estatus retirado Estado de pérdida Estado de daño No para préstamo Biblioteca de origen Biblioteca actual Ubicación en estantería Fecha de adquisición Fuente de adquisición Total de préstamos Signatura topográfica completa Código de barras Visto por última vez Precio de reemplazo Tipo de ítem Koha
        Biblioteca del Ateneo de Madrid Biblioteca del Ateneo de Madrid Depósito 2 24/05/2019     L-32348 1200617 23/02/2023 23/02/2023 Libro impreso